000 00563nam a2200193Ia 4500
005 20250508164923.0
008 008 250505s9999 xx 000 0 hin d
037 _aDissertations
040 _aFEDL
_beng
_cFEDL
041 _ahin
_2eng
084 _a370.1, NAR/DI
_qFEDL
100 _aNarayan Singh
245 0 _aBaccho ke sandarbh mein Ravindranath Tagore ke shiksha darshan ka addhyan
260 _c1997
300 _a123p.
546 _aM.Ed. Disseration (Delhi University)
942 _cDIS
_h370.1, NAR/DI
999 _c1392021
_d1392021